| 000 | 00815 a2200193 4500 | ||
|---|---|---|---|
| 001 | 59553 | ||
| 005 | 20260407155849.0 | ||
| 008 | 260407a1956 arg spa d | ||
| 003 | AR-UNSa-BCEJYS | ||
| 040 |
_aAR-UNSa-BCEJYS _bspa _cAR-UNSa-BCEJYS |
||
| 080 |
_a330.34 _xDesarrollo Económico |
||
| 245 | 1 | 0 | _aEl estado y el desarrollo económico |
| 264 | 1 |
_aBuenos Aires : _bRaigal _c1956 |
|
| 300 |
_a200 p. _c20 cm. |
||
| 505 | _aPrimera Parte: Los obstáculos al desarrollo económico: 1. El mercado - 2. La distribución del ingreso - 3. La inestabilidad exterior - Segunda Parte: La intervención del estado: 4. El cambio de orientación en el desarrollo económico - 5. Argumentos en favor de la participación del Estado | ||
| 942 | _cBK | ||
| 590 | _aniveau_biblio:m niveau_hierar:0 | ||
| 100 | 1 | _aFerrer, Aldo | |
| 999 |
_c6733 _d6733 |
||